| 000 | 00815nam a2200229 a 4500 | ||
|---|---|---|---|
| 005 | 20260327064205.0 | ||
| 008 | 061003s2001 mx r 000 0 spa d | ||
| 020 | _a9507431144 | ||
| 035 | _aUPN01000147458 | ||
| 049 | _aCG | ||
| 050 | 4 |
_aPC4420 _bB3.3 |
|
| 100 | 1 | _aBarbería, María Emma | |
| 245 | 1 | 0 |
_aCómo hacer una monografía / _cMaría Emma Barbería. |
| 260 |
_aBuenos Aires : _bValletta, _c2001. |
||
| 300 | _a104 p. | ||
| 440 | 0 | _aSíntesis práctica | |
| 500 | _a"Qué es una monografia - Cómo elegir el tema - Cómo escribirla correctamente - La bibliografía y su utilidad - El empleo de las notas y las citas bibliográficas" | ||
| 650 | 4 |
_aRedacción de informes _912161 |
|
| 650 | 4 |
_aARTE DE ESCRIBIR - _vMANUALES _92553 |
|
| 650 | 4 |
_aInvestigación _xMetodología _95209 |
|
| 905 | _aLibro | ||
| 999 |
_c119603 _d119603 |
||